000 00794nam a22002297a 4500
003 UA-OsUOA
001 44058
007 ta
008 20100114b un ||||| |||| 00| 0 ukr d
100 _aМегас Осип
090 _a09.-94(477).06
_bМ41
942 _cBK
040 _aUA-OsUOA
_bukr
_cUA-OsUOA
_dUA-OsUOA
245 _aТрагедія Галицької України
_bМатеріяли про польську інвазію, польські варварства і польську окупацію Східної Галичини за кроваві роки: 1918, 1919 і 1920
300 _a253 с.
955 _a4
041 _aukr
080 _a09.-94(477).06
260 _aВінніпег
_c1920
650 7 _a0 Загальний відділ.
_2UDC
999 _c423946
_d423946